Antisemitismus und radikaler Islamismus (Titelsatznr. 23754)
[ MARC ]
| 000 -Satzkennung | |
|---|---|
| Kontrollfeld mit fester Länge | 00839nam a22003011c 4500 |
| 001 - Kontrollnummer | |
| Kontrollfeld | 523592531 |
| 008 - Feld mit fester Länge zur physischen Beschreibung - Allgemeine Angaben | |
| Kontrollfeld mit fester Länge | 090528s2007 gw |||| 000u ger d |
| 020 ## - Internationale Standardbuchnummer | |
| Internationale Standardbuchnummer | 9783898617 |
| Verknüpfung | 978-3-89861-7 |
| 041 ## - Sprachcode | |
| Sprachcode des Textes/der Tonspur oder des separaten Titels | ger |
| -- | eng |
| 040 ## - Katalogisierungsquelle | |
| Übertragungsstelle | RU-10907106 |
| 003 - Kontrollnummer Identifier | |
| Kontrollfeld | RU-10907106 |
| 245 00 - Titel | |
| Titel | Antisemitismus und radikaler Islamismus |
| 264 ## - Produktion, Veröffentlichung, Distribution, Herstellung und Urheberrechtsvermerk | |
| Herstellungs-, Veröffentlichungs- Vertriebs-, Erzeugungsort | Essen : |
| Produzent, Herausgeber, Distributor, Hersteller | Klartext, |
| Datum der Herstellung, der Veröffentlichung, des Vertriebs oder des Urheberschutzvermerks | 2007 |
| 300 ## - Physische Beschreibung | |
| Umfang | 218 S. ; 21 cm |
| 490 #0 - Gesamttitelangabe | |
| Gesamttitelangabe | Antisemitismus |
| Bandnummer/Folgebezeichnung | 4 |
| 546 ## - Fußnote zur Sprache | |
| Sprache | Beitr. teilw. dt., teilw. engl |
| 650 #0 - Nebeneintragung unter einem Schlagwort - Sachschlagwort | |
| Sachschlagwort oder geografischer Name als Eintragungselement | Islam |
| 650 #0 - Nebeneintragung unter einem Schlagwort - Sachschlagwort | |
| Sachschlagwort oder geografischer Name als Eintragungselement | Terrorismus |
| Koha-Normdatenidentnummer | 1869 |
| 650 #0 - Nebeneintragung unter einem Schlagwort - Sachschlagwort | |
| Sachschlagwort oder geografischer Name als Eintragungselement | Nahostkonflikt |
| 650 #0 - Nebeneintragung unter einem Schlagwort - Sachschlagwort | |
| Sachschlagwort oder geografischer Name als Eintragungselement | Rassismus |
| 650 #0 - Nebeneintragung unter einem Schlagwort - Sachschlagwort | |
| Sachschlagwort oder geografischer Name als Eintragungselement | Nationalsozialismus |
| 650 #0 - Nebeneintragung unter einem Schlagwort - Sachschlagwort | |
| Sachschlagwort oder geografischer Name als Eintragungselement | Islamismus |
| Koha-Normdatenidentnummer | 12118 |
| 650 #0 - Nebeneintragung unter einem Schlagwort - Sachschlagwort | |
| Sachschlagwort oder geografischer Name als Eintragungselement | Antisemitismus |
| Koha-Normdatenidentnummer | 376 |
| 655 #0 - Indexierungsterm - Genre/Form | |
| Genre/Form oder fokussierter Term | Aufsatzsammlung |
| Koha-Normdatenidentnummer | 210 |
| 700 1# - Nebeneintragung - Personenname | |
| Personenname | Benz, Wolfgang |
| Funktionsbezeichnung | HerausgeberIn |
| Koha-Normdatenidentnummer | 2949 |
| 700 1# - Nebeneintragung - Personenname | |
| Personenname | Wetzel, Juliane |
| Funktionsbezeichnung | HerausgeberIn |
| Koha-Normdatenidentnummer | 12119 |
| 942 ## - Zusätzliche Felder (Koha) | |
| Koha-Medientyp | Monographien |
| Ausgeschieden | Verloren | Klassifikation oder Aufstellungssystematik | Beschädigt | Nicht entleihbar | Heimatbibliothek | Aufenthaltsbibliothek | Aufstellungsort | Erwerbungsdatum | Inventarnummer | Signatur | Barcode | Letzte Aktivität | Preis gültig von | Koha-Medientyp |
|---|---|---|---|---|---|---|---|---|---|---|---|---|---|---|
| Andere/Generische Klassifikation | MWN Osteuropa | MWN Osteuropa | Lesesaal - 1 | 28/05/2009 | 12-01855 | W 66 C el Ben | E0040150790F08B9 | 16/03/2021 | 22/03/2021 | Monographien |